000 00247nam a22001097a 4500
008 170123b xxu||||| |||| 00| 0 eng d
020 _a9780781794688
041 _aeng
080 _a618.2
245 _aNURSING RESEARCH
_cBECK, CH.T
942 _2udc
_cBK
999 _c3400
_d3400